Electric power & processing : a history of contributions--challenges of the future /

Bibliographic Details
Main Author: Hall, Carl W., P.E
Corporate Author: American Society of Agricultural Engineers
Format: Microform Book
Language:English
Published: St. Joseph, Mich. : American Society of Agricultural Engineers, [1976]
Series:Paper (American Society of Agricultural Engineers) ; no. 76-3001.
Energy and agriculture ; CNV 523.
Subjects:

MARC

Tag First Indicator Second Indicator Subfields
LEADER 00000cam a2200000La 4500
001 in00001011069
005 20150927223913.0
007 he amb024baca
007 he umb---buca
008 820625r19811976ncu b 00010 eng d
035 |a (OCoLC)16789477 
035 |9 AFE0735AM 
037 |a CL0091000001  |b University Microfilms International 
037 |b University Microfilms International, 300 N. Zeeb Rd., Ann Arbor, MI 48106 
040 |a UMI  |c UMI  |d UtOrBLW 
043 |a n-us--- 
049 |a TXAI 
099 |a fiche  |a S  |a 104  |a CNV 523 
100 1 |a Hall, Carl W.,  |c P.E. 
245 1 0 |a Electric power & processing :  |b a history of contributions--challenges of the future /  |c by Carl W. Hall. 
264 1 |a St. Joseph, Mich. :  |b American Society of Agricultural Engineers,  |c [1976] 
300 |a 6 pages ;  |c 28 cm. 
336 |a text  |b txt  |2 rdacontent 
337 |a microform  |b h  |2 rdamedia 
338 |a microfiche  |b he  |2 rdacarrier 
490 1 |a ASAE paper ;  |v no. 76-3001 
500 |a "For presentation at the 1976 annual meeting American Society of Agricultural Engineers." 
533 |a Microfiche.  |b Sanford, N.C. :  |c Microfilming Corp. of America,  |d 1981.  |e 1 sheet ; 11 x 15 cm.  |f (Energy and agriculture ; CNV 523) 
500 |a Microform. 
650 0 |a Rural electrification  |z United States. 
710 2 |a American Society of Agricultural Engineers. 
740 0 |a Electric power and processing. 
830 0 |a Paper (American Society of Agricultural Engineers) ;  |v no. 76-3001. 
830 0 |a Energy and agriculture ;  |v CNV 523. 
999 |a MARS 
999 f f |s 9937055e-09a7-3ce0-94ad-f11f0e220c85  |i abce0ae9-fa74-3e2f-bf59-20c0f970bc3e  |t 0 
952 f f |p default  |a Texas A&M University  |b College Station  |c Sterling C. Evans Library  |d Evans: Microforms (3rd floor)  |t 0  |e fiche S 104 CNV 523  |h Other scheme  |i microform -- microfiche 
998 f f |a fiche S 104 CNV 523  |t 0  |l Evans: Microforms (3rd floor)